000 00521nam a2200205Ia 4500
003 GCL
005 20240530094808.0
008 140319s9999 xx 000 0 eng d
020 _a8880954652
040 _aGCL /
_cGCL
082 0 4 _a797.2
_bW S
100 1 _aWHITE STAR
245 1 0 _aSHARM EL - SHEIKH :
_bDIVING GUIDE \
_cWHITE STAR
260 _a[S.N] :
_bWHITE STAR ،
_c1999
300 _a28 CM ؛
_c167 P
650 0 4 _aDIVING
650 0 4 _aDEEP DIVING
650 0 4 _aDIVING - SHARM EL-SHEIKH
942 _2ddc
_cBK
999 _c1132
_d1132